[Event "TIPC 2015"]
[Site "Roux"]
[Date "2015.08.03"]
[Round "3.11"]
[White "Sumets, Andrey"]
[Black "Delmont, Jean-Robert"]
[Result "1-0"]
[BlackElo "1957"]
[WhiteElo "2596"]
[LiveChessVersion "1.4.6"]

1. e4 c5 2. Nf3 d6 3. d4 cxd4 4. Nxd4 Nf6 5. Nc3 g6 6. f4 Nbd7 7. g4 Nc5 8. e5
Bxg4 9. Bb5+ Ncd7 10. Qd3 dxe5 11. fxe5 Nh5 12. Qe4 a6 13. Ba4 b5 14. Qxg4 bxa4
15. e6 Ndf6 16. exf7+ Kxf7 17. Qe6+ Kg7 18. Nf5+ 1-0

[Event "TIPC 2015"]
[Site "Roux"]
[Date "2015.08.03"]
[Round "3.12"]
[White "Dgebuadze, Alexandre"]
[Black "Kolp, Théo"]
[Result "1-0"]
[BlackElo "1690"]
[WhiteElo "2489"]
[LiveChessVersion "1.4.6"]

1. e4 c5 2. Nf3 e6 3. d3 Nc6 4. g3 Nf6 5. Bg2 d5 6. Qe2 Be7 7. O-O O-O 8. e5 Nd7
9. c4 Nb6 10. b3 Qc7 11. Nc3 a6 12. Bf4 Qd7 13. Rac1 f6 14. exf6 Bxf6 15. Rfe1 h6
16. Ne5 Nxe5 17. Bxe5 Bxe5 18. Qxe5 Qf7 19. f4 Kh8 20. Qd6 Nd7 21. cxd5 exd5 22.
Nxd5 Nf6 23. Nxf6 Qxf6 24. Qxf6 gxf6 25. Rxc5 Rb8 26. Re7 1-0

[Event "TIPC 2015"]
[Site "Roux"]
[Date "2015.08.03"]
[Round "3.13"]
[White "Soors, Stef"]
[Black "Haulotte, François"]
[Result "1-0"]
[BlackElo "1688"]
[WhiteElo "2407"]
[LiveChessVersion "1.4.6"]

1. e4 c5 2. c3 Qa5 3. Nf3 Nc6 4. g3 Nf6 5. Qe2 d6 6. Bg2 e6 7. O-O Be7 8. Rd1 Rb8
9. e5 Nd7 10. exd6 Bxd6 11. Na3 b5 12. Ng5 Ne7 13. d4 cxd4 14. Nc2 Nf6 15. Nxd4
O-O 16. Ndxe6 Re8 17. Rxd6 h6 18. b4 Qa4 19. Nc5 Nf5 20. Qd3 Nxd6 21. Nxa4 hxg5
22. Bxg5 1-0

[Event "TIPC 2015"]
[Site "Roux"]
[Date "2015.08.03"]
[Round "3.14"]
[White "Roubin, Sandra"]
[Black "Lacroix, Bruno"]
[Result "0-1"]
[BlackElo "2189"]
[WhiteElo "1688"]
[LiveChessVersion "1.4.6"]

1. e4 c5 2. Nf3 Nc6 3. d4 cxd4 4. Nxd4 e5 5. Nb3 Nf6 6. f3 d5 7. exd5 Nxd5 8. Bd2
Be6 9. Nc3 Be7 10. Be2 O-O 11. Nxd5 Bxd5 12. Be3 Bh4+ 13. g3 Bf6 14. c4 Be6 15.
Nc5 Bh3 16. Qxd8 Raxd8 17. Kf2 Nd4 18. Ne4 Be7 19. Rad1 h6 20. Bd3 f5 21. Nc3
Nxf3 22. Kxf3 e4+ 23. Bxe4 fxe4+ 24. Ke2 Bg4+ 25. Ke1 Bxd1 26. Nxd1 Bb4+ 27. Ke2
Rd3 28. Nf2 Rxe3+ 0-1

[Event "TIPC 2015"]
[Site "Roux"]
[Date "2015.08.03"]
[Round "3.15"]
[White "Ponnet, Guy"]
[Black "Stoenescu, Radu"]
[Result "1/2-1/2"]
[BlackElo "2152"]
[WhiteElo "1677"]
[LiveChessVersion "1.4.6"]

1. e4 c5 2. c3 Nf6 3. e5 Nd5 4. d4 cxd4 5. cxd4 d6 6. Bc4 Nb6 7. Bb5+ Bd7 8. e6
Bxb5 9. Qh5 Qc8 10. Qxb5+ Kd8 11. Nc3 Qxe6+ 12. Nge2 Qc4 13. Qf5 g6 14. Qf3 Qc6
15. d5 Qe8 16. Be3 Bg7 17. Bxb6+ axb6 18. O-O Nd7 19. Qe3 b5 20. b4 Ra6 21. Nxb5
Bxa1 22. Qc1 e6 23. Nc7 Qe7 24. Qxa1 Qf6 25. Nxa6 Qxa1 26. Rxa1 bxa6 27. dxe6
fxe6 28. a4 Kc7 29. Rc1+ Kb7 30. Nd4 e5 31. Ne6 Rc8 32. Rxc8 Kxc8 33. Ng5 Nf6 34.
f3 Kc7 35. Kf2 Kc6 36. Ne4 Nd5 37. b5+ axb5 38. axb5+ Kc7 39. Ke1 Ne7 40. b6+ Kd7
41. b7 Nc6 42. Nf6+ Kc7 43. Ne8+ Kd7 44. Nf6+ Kc7 45. Ne8+ 1/2-1/2

[Event "TIPC 2015"]
[Site "Roux"]
[Date "2015.08.03"]
[Round "3.16"]
[White "Discart, Eddy"]
[Black "Barbier, Win"]
[Result "0-1"]
[BlackElo "2109"]
[WhiteElo "1676"]
[LiveChessVersion "1.4.6"]

1. d4 d6 2. Nf3 Nf6 3. c4 Nbd7 4. Nc3 e5 5. e4 Be7 6. Be2 O-O 7. O-O c6 8. Be3 a5
9. Qc2 Re8 10. h3 Bf8 11. Rfd1 exd4 12. Bxd4 Qe7 13. Bd3 Ne5 14. Nxe5 dxe5 15.
Be3 Nh5 16. Qd2 Qf6 17. Bg5 Qg6 18. Kh1 h6 19. Be3 Qf6 20. Ne2 g5 21. Qc3 g4 22.
hxg4 Bxg4 23. Rf1 Bb4 24. Qc2 Nf4 25. Nxf4 exf4 26. Bd2 Qh4+ 27. Kg1 f3 0-1

[Event "TIPC 2015"]
[Site "Roux"]
[Date "2015.08.03"]
[Round "3.17"]
[White "Fontaine, Quentin"]
[Black "Vlaeyens, Manu"]
[Result "1-0"]
[BlackElo "1667"]
[WhiteElo "2109"]
[LiveChessVersion "1.4.6"]

1. e4 e6 2. d4 d5 3. Nc3 dxe4 4. Nxe4 Be7 5. Nf3 Nd7 6. Bd3 Ngf6 7. Qe2 Nxe4 8.
Bxe4 Nf6 9. Bxb7 Bxb7 10. Qb5+ Kf8 11. Qxb7 c5 12. O-O Qc8 13. Qxc8+ Rxc8 14. c3
c4 15. Bd2 Ne4 16. Rfe1 Nd6 17. Bf4 Ne8 18. Rec1 Bd6 19. Bd2 Ke7 20. b3 Kd7 21.
Rab1 Ba3 22. Re1 Nd6 23. Ne5+ Ke7 24. bxc4 f6 25. c5 Nf5 26. Rb7+ 1-0

[Event "TIPC 2015"]
[Site "Roux"]
[Date "2015.08.03"]
[Round "3.18"]
[White "Dellaert, Sander"]
[Black "Bruno, Ricardo"]
[Result "0-1"]
[BlackElo "2066"]
[WhiteElo "1666"]
[LiveChessVersion "1.4.6"]

1. e4 c5 2. d4 cxd4 3. c3 dxc3 4. Nxc3 Nc6 5. Nf3 d6 6. Bc4 e6 7. O-O Be7 8. Qe2
a6 9. Rd1 b5 10. Bb3 Ra7 11. Be3 Rd7 12. Rac1 Bb7 13. Nd4 Nxd4 14. Bxd4 Nf6 15.
e5 dxe5 16. Bxe5 Rxd1+ 17. Rxd1 Qb6 18. a4 b4 19. Bxf6 gxf6 20. a5 Qxa5 21. Ba4+
Kf8 22. Qd2 Rg8 23. Qd7 Rxg2+ 24. Kf1 Qf5 25. Rd2 bxc3 26. Qxb7 Rxh2 27. Qb8+ Kg7
28. Qg3+ Qg5 29. Qxh2 cxd2 30. Bc2 f5 0-1

[Event "TIPC 2015"]
[Site "Roux"]
[Date "2015.08.03"]
[Round "3.19"]
[White "Laret, Jean"]
[Black "Marte, Sébastien"]
[Result "0-1"]
[BlackElo "2061"]
[WhiteElo "1658"]
[LiveChessVersion "1.4.6"]

1. d4 Nf6 2. c4 c6 3. Nf3 g6 4. Nc3 d5 5. cxd5 cxd5 6. Bf4 Bg7 7. h3 O-O 8. e3
Nc6 9. Be2 Qb6 10. Qd2 Ne4 11. Nxe4 dxe4 12. Nh2 e5 13. dxe5 Nxe5 14. O-O Bf5 15.
Bxe5 Bxe5 16. Bc4 Bxh2+ 0-1

[Event "TIPC 2015"]
[Site "Roux"]
[Date "2015.08.03"]
[Round "3.20"]
[White "Ronse, Ivan"]
[Black "Dellaert, Inès"]
[Result "1/2-1/2"]
[BlackElo "1264"]
[WhiteElo "1947"]
[LiveChessVersion "1.4.6"]

1. e4 e5 2. Nf3 Nc6 3. Bc4 Bc5 4. O-O Nf6 5. d3 O-O 6. c3 d5 7. exd5 Nxd5 8. b4
Be7 9. b5 Na5 10. Nxe5 Bf6 11. Re1 Re8 12. Bxd5 Qxd5 13. Nc4 Bg4 14. f3 Nxc4 15.
Rxe8+ Rxe8 16. fxg4 Ne3 17. Qe2 Bg5 18. Na3 Qc5 19. Kh1 Qxc3 20. Bb2 Qb4 21. h4
Bxh4 22. Nc4 Bg5 23. Bd4 Qe7 24. Bxe3 Bxe3 25. Qf3 Qh4+ 26. Qh3 Qxh3+ 27. gxh3
Bd4 28. Rc1 h6 29. Na5 b6 30. Nc6 Bf6 31. Nxa7 Re2 32. a4 Be5 33. Nc6 Bf4 34. Rc4
Bd6 35. Nb4 Rh2+ 36. Kg1 Rxh3 37. Nd5 Rxd3 38. Nxc7 Bxc7 39. Rxc7 Rg3+ 40. Kf2
Rxg4 41. Ra7 h5 42. Kf3 f5 43. a5 bxa5 44. b6 Kh7 45. Rxa5 Rb4 46. Rxf5 Kh6 47.
Kg3 Rxb6 48. Kh4 Rb4+ 49. Kh3 h4 50. Rf8 Kg5 51. Rf1 g6 52. Rf8 Rb3+ 53. Kg2 h3+
54. Kh2 Kg4 55. Rf1 Rb2+ 56. Kh1 g5 57. Rg1+ Kh4 58. Rc1 g4 59. Rc3 h2 60. Rh3+
Kg5 61. Rh5+ Kf4 62. Rf5+ Ke3 63. Rf3+ Ke2 64. Rg3 Rb4 65. Kxh2 Kf2 66. Ra3 Rb2
67. Rc3 Kf1+ 68. Kg3 Rg2+ 69. Kh4 Rg1 70. Rg3 1/2-1/2

[Event "TIPC 2015"]
[Site "Roux"]
[Date "2015.08.03"]
[Round "4.1"]
[White "Capone, Nicola"]
[Black "Hovhannisyan, Mher"]
[Result "0-1"]
[BlackElo "2515"]
[WhiteElo "2379"]
[LiveChessVersion "1.4.6"]

1. e4  e6  2. d4  d5
 3. Nc3  Bb4  4. e5
 Ne7  5. Bd2  b6 
6. f4  Ba6  7. Bxa6  Nxa6
 8. Nf3  Bxc3  9. bxc3
 c5  10. Qe2  Qc8
 11. Qb5+  Nc6  12. c4
 dxc4  13. dxc5 bxc5  14. O-O
 O-O  15. Qxc4  Rd8
 16. Bc3  Ne7  17. Ba5
 Rd5  18. Rab1  h6
 19. a3  Nf5  20. Kf2
 Nb8  21. Rfd1  Nc6
 22. Bc3  Ncd4  23. Bxd4
 cxd4  24. Qxc8+ Rxc8  25. Rd2
 g5  26. fxg5 hxg5  27. h3
 Kg7  28. Rb7  Kg6
 29. g4  Nh4  30. Nxd4
 Rcd8  31. c3  Rxe5
 32. Rxa7  Rc5  33. Re2
 Rxc3  34. Re3  Rc1
 35. Nf3  Nxf3  36. Kxf3
 Rd2  37. Ra5  Rh1
 38. Ke4  Rdh2  39. Ra8
 Rxh3  40. Rxh3  Rxh3
 41. a4  f5+  42. gxf5+
 exf5+  43. Ke5  Re3+
 44. Kd4  f4  45. a5
 Kf5  46. a6  Ra3
 47. a7  Kg4  48. Ke5
 Kf3  49. Kd4  g4
 50. Ke5  Ra5+  51. Rb8 0-1

[Event "TIPC 2015"]
[Site "Roux"]
[Date "2015.08.03"]
[Round "4.2"]
[White "Kveinys, Aloyzas"]
[Black "Hautot, Stéphane"]
[Result "1/2-1/2"]
[BlackElo "2360"]
[WhiteElo "2491"]
[LiveChessVersion "1.4.6"]

1. d4  d5  2. c4  c6
 3. Nc3  Nf6  4. e3
 e6  5. Nf3  Nbd7
 6. Qc2  Bd6  7. b3
 O-O  8. Bb2  Qe7
 9. Be2  dxc4 10. bxc4  e5
 11. h3  Re8  12. O-O
 e4  13. c5  Bc7 
14. Nd2  Nf8  15. f3  exf3 16.
Rxf3  Ng6  17. e4  Nh4
 18. e5  Nxf3+ 19. Bxf3  Nd7
 20. Nce4  Nf8  21. Nd6
 Bxd6 22. cxd6  Qg5  23. Kh1
 Be6  24. a4  Bd5
 25. Rf1  Red8  26. Bc3
 Qg6  27. Be4  Bxe4
 28. Nxe4  Ne6  29. Qe2
 Ng5  30. Nxg5  Qxg5
 31. Kh2  Qg6  32. Rf3
 Qe6  33. Qd2  Rd7
 34. Qg5  h6  35. Qh5
 Rf8  36. Rg3  Kh7
 37. Bd2  f5  38. Bf4
 Qe8  39. Qh4  Qe6
 40. Qh5  Qe8  41. Qh4
 Qe6  1/2-1/2

[Event "TIPC 2015"]
[Site "Roux"]
[Date "2015.08.03"]
[Round "4.3"]
[White "Naumkin, Igor"]
[Black "Claude, Julien"]
[Result "1-0"]
[BlackElo "1351"]
[WhiteElo "2437"]
[LiveChessVersion "1.4.6"]

1. d4  Nf6  2. c4  d5
 3. cxd5  Nxd5  4. e4
 Nb6  5. Nc3  e6 
6. Nf3  N8d7  7. a4  Nf6
 8. a5  Nbd7  9. e5
 Nd5  10. Nxd5 exd5  11. Bd3
 c5  12. O-O  cxd4
 13. Bb5  Bc5  14. Bg5
 Be7  15. e6  Bxg5
 16. exd7+  Bxd7  17. Bxd7+
 Kxd7  18. Qxd4  Bf6
 19. Qa4+  Ke7  20. Qb4+
 Ke8  1-0

[Event "TIPC 2015"]
[Site "Roux"]
[Date "2015.08.03"]
[Round "4.4"]
[White "Reinhart, Emmanuel"]
[Black "Godart, François"]
[Result "1-0"]
[BlackElo "2422"]
[WhiteElo "2343"]
[LiveChessVersion "1.4.6"]

1. e4  e6  2. d4  d5
 3. e5  c5  4. c3
 Nc6  5. Nf3  Bd7
 6. a3  c4  7. Bg5
 Nge7  8. Nbd2  Na5
 9. h4  h6  10. Bf4
 Bc6  11. g3  Qd7
 12. Bh3  Ba4  13. Qe2
 Ng6  14. Nf1  Nxf4 15. gxf4
 h5  16. f5 exf5  17. Ng5
 O-O-O  18. Ne3  g6
 19. Qf3  Kb8  20. Bg2
 Bc6  21. Nh3  Bh6
 22. Nf4  Bxf4  23. Qxf4
 Ka8  24. Bf3  Nb3
 25. Rd1  Qe6  26. Rg1
 Na5  27. Rd2  Ba4
 28. Re2  Nc6  29. Ng2
 f6  30. exf6 Qxf6  31. Qg5
 Qg7  32. Ne3  Qc7
 33. Nxd5  Qa5  34. Nb4
 Nxb4  35. axb4  Qa6
 36. Kf1  Bd1  37. Re3
 Bxf3  38. Rxf3  Qa1+
 39. Kg2  Qxb2  40. Re1
 Rd6  41. Qe7  Rdd8
 42. Re6  a6  43. Rb6
 Rb8  44. Qf6  Ka7
 45. Re3  f4  46. Ree6
 Qa1  47. d5  Rhf8
 48. Qd4  f3+  49. Kh2
 Ka8  50. Qxc4  Rbc8
 51. Rxa6+  bxa6  52. Rxa6+
 Qxa6  53. Qxa6+  Kb8
 54. Qb6+  Ka8  55. c4
 Rf4  56. Qa6+  Kb8
 57. Qd6+  1-0

[Event "TIPC 2015"]
[Site "Roux"]
[Date "2015.08.03"]
[Round "4.6"]
[White "Fontaine, Quentin"]
[Black "Sumets, Andrey"]
[Result "0-1"]
[BlackElo "2596"]
[WhiteElo "2109"]
[LiveChessVersion "1.4.6"]

1. e4  c5  2. Nc3  Nc6
 3. Nge2  d6  4. g3
 g6  5. d4  cxd4 
6. Nxd4  Bg7  7. Nde2  Nf6
 8. Bg2  O-O  9. O-O
 Rb8  10. a4  a6 
11. h3  b5  12. axb5 axb5  13.
Nf4  b4  14. Ncd5  Nd7
 15. Ra2  Nc5  16. b3
 e6  17. Ne3  Ne5
 18. Re1  Bb7  19. Ng4
 Qc7  20. Nd3  Ncxd3
 21. cxd3  Rfc8  22. Nxe5 dxe5
 23. Be3  Qd6  24. Rd2
 Rd8  25. Qb1  Rbc8
 26. Rc1  Rc3  27. Rxc3 bxc3
 28. Rd1  f5  29. Qc1
 Rc8  30. Qc2  f4
 31. Bc1  fxg3  32. fxg3
 Qb6+  33. Kh1  Bf8
 34. Rf1  Ba6  35. Rf3
 Qd4  36. Bf1  Bb5
 37. Be3  Qd7  38. h4
 h5  39. Kh2  Bg7
 40. Bc1  Qc6  41. Ba3
 Qa6  42. Bb4  Qa1
 43. Bh3  Rc6  44. Rf2
 Qa7  45. Rf3  Qd4
 46. Ba3  Ra6  47. Bc1
 Bd7  48. Be3  Qb4
 49. Rf1  Ra3  50. Rb1
 Bf8  51. Qf2  Rxb3
 52. Rxb3  Qxb3  53. Qf6
 Qa2+  54. Kh1  Qb1+
 55. Kh2  Qc2+  56. Bg2
 Qe2  57. Qxg6+  Bg7
 58. Bh6  Qg4  59. Qxg4
 hxg4  60. Bc1  Kh7
 61. Bf1  Bh6  62. Ba3
 c2  63. Be2  Bb5
 64. Bxg4  Bxd3  65. Bf3
 c1=Q  66. Bxc1  Bxc1
 67. Kg2  Be3  68. Kh3
 Bf1+  69. Kg4  Kg6
 70. Bd1  Bd2  71. Bc2
 Be2+  72. Kh3  Kh5
 73. Bb3  Bf1+  74. Kh2
 Kg6  75. Bxe6  Kf6
 76. Bf5  Be1  77. Kg1
 Be2  78. Kg2  Ke7
 79. Kh3  Kd6  80. Bg6
 Ke6  81. Bf5+  Ke7
 82. Bg6  Kd6  83. Bf5
 Kc5  84. Bg6  Bd2
 85. g4  Bf1+  86. Kh2
 Kd4  87. Kg3  Be1+
 88. Kf3  Bxh4  89. Bh7
 Bc4  90. Bg6  Bb3
 91. Bf5  Bd1+  92. Kg2
 Ke3  0-1

[Event "TIPC 2015"]
[Site "Roux"]
[Date "2015.08.03"]
[Round "4.7"]
[White "Shirazi, Kamran"]
[Black "Marte, Sébastien"]
[Result "1-0"]
[BlackElo "2061"]
[WhiteElo "2409"]
[LiveChessVersion "1.4.6"]

1. d4  Nf6  2. Nc3  d5
 3. Bg5  c6  4. Qd2
 Nbd7  5. f3  e6 
6. e4  dxe4  7. fxe4  Be7
 8. Nf3  O-O  9. Bd3
 c5  10. d5 exd5  11. exd5
 Ng4  12. O-O-O  Nde5
 13. Bxe7  Qxe7  14. Rhe1
 Nxd3+ 15. Qxd3  Qd6  16. Ne4
 Qf4+  17. Qd2  Qxd2+ 18. Rxd2
 b6  19. Nd6  Ba6
 20. Re7  Rad8  21. Rxa7
 Rxd6  22. Rxa6  Ne3
 23. b3  Rxd5  24. Rxb6
 Rf5  25. Rc6  c4
 26. Re2  Nxg2  27. Rxg2
 Rxf3  28. Rxc4  f5
 29. Rc7  g6  30. Rd2
 f4  31. Kb2  Rh3
 32. a4  f3  33. Rf2
 g5  34. a5  g4 
35. Rc4  h5  36. a6  Kg7
 37. a7  Kh6  38. Rc5
 Kg6  39. Rd2  h4
 40. Rd6+  Kh7  41. Rc7+
 Kg8  42. Rg6+  Kh8
 43. Rf6  Re8  44. Rb6
 Kg8 1-0

[Event "TIPC 2015"]
[Site "Roux"]
[Date "2015.08.03"]
[Round "4.8"]
[White "Van Houtte, Thierry"]
[Black "Soors, Stef"]
[Result "1/2-1/2"]
[BlackElo "2407"]
[WhiteElo "2109"]
[LiveChessVersion "1.4.6"]

1. Nf3 Nf6 2. g3 b6 3. d4 Bb7 4. Bg2 g6 5. O-O Bg7 6. c4 Na6 7. Nc3 Ne4 8. Nxe4
Bxe4 9. Qa4 Nb8 10. Be3 O-O 11. Rfd1 d5 12. Ne5 Bxg2 13. Kxg2 e6 14. Rac1 Re8 15.
Kg1 a5 16. a3 Ra7 17. Rd2 Bxe5 18. dxe5 c6 19. Qb3 Rb7 20. f4 Ree7 21. cxd5 exd5
22. Bf2 Red7 23. g4 Qe7 24. Qh3 c5 25. Bh4 Qf8 26. Bf6 Nc6 27. Rc3 Nd4 28. Kf2
1/2-1/2

[Event "TIPC 2015"]
[Site "Roux"]
[Date "2015.08.03"]
[Round "4.9"]
[White "Bruno, Ricardo"]
[Black "Stromboli, Ettore"]
[Result "1/2-1/2"]
[BlackElo "2324"]
[WhiteElo "2066"]
[LiveChessVersion "1.4.6"]

1. e4  e6  2. d4  d5
 3. Nc3  Bb4  4. e5
 c5  5. Bd2  Ne7 
6. Nb5  Bxd2+  7. Qxd2  O-O
 8. f4  Nbc6  9. Nf3
 Qb6  10. dxc5  Qxc5
 11. Bd3  Nb4  12. Nbd4
 Nxd3+  13. cxd3  Bd7
 14. Rc1  Qb6  15. O-O
 a5  16. Kh1  Rfc8
 17. h4  Nc6  18. Nxc6 bxc6
 19. d4  c5  20. dxc5
 Rxc5  21. Rxc5 Qxc5  22. Rc1
 Qb6  23. Nd4  h6
 24. Kh2  Rb8  25. b3
 a4  26. bxa4 Bxa4  27. f5
 exf5  28. Nxf5  Qe6
 29. Qf4  Bd7  30. Nd4
 Qb6  31. Rf1  Rf8
 32. Rf3  Qb4  33. Rg3
 Qb6  34. h5  Kh8
 35. Nf3  Be6  36. Nh4
 Qd8  37. Rf3  Kg8
 38. Rg3  Kh7  39. Nf3
 Qe7  40. Nd4  Ra8
 41. Nc6  Qd7  42. Nb4
 Qb5  43. Qd2  Ra4
 44. a3  Ra8  45. Rd3
 Ra5  46. Qc3  d4
 47. Qxd4  Qxe5+  48. Qxe5
 Rxe5  49. Rc3  Rxh5+
 50. Kg3  Rg5+  51. Kf2
 h5  52. Nd3  Ra5
 53. Nc5  Bd5  54. g3
 g5  55. Nd7  Be6
 56. Nc5  Kg6  57. Nxe6
 fxe6  58. Rf3  Ra4
 59. Ke2  h4  60. gxh4
 Rxh4  61. Kf2  e5
 62. Kg3  Ra4  63. Kf2
 Kh5  64. Re3  Rf4+
 65. Kg3  Rg4+  66. Kh3
 Rh4+  67. Kg3  Rg4+
 68. Kh3  Rh4+  69. Kg3
 e4  70. a4  Kg6 
71. a5  Kf5  72. a6  Rh7
 73. Ra3  Ra7  74. Ra5+
 Kf6  75. Kg4  e3
 76. Kf3  g4+  77. Kxe3
 Ke7 78. Kd3 1/2-1/2

[Event "TIPC 2015"]
[Site "Roux"]
[Date "2015.08.03"]
[Round "4.10"]
[White "Dellaert, Inès"]
[Black "Mastalerz, Xavier"]
[Result "0-1"]
[BlackElo "2190"]
[WhiteElo "1264"]
[LiveChessVersion "1.4.6"]

1. e4 e6 2. Nf3 b6 3. d4 Bb7 4. Nc3 Bb4 5. Bd3 Nf6 6. Bg5 h6 7. Bh4 g5 8. Bg3
Nxe4 9. Bxe4 Bxe4 10. Qd2 Nc6 11. O-O-O Qe7 12. Qe3 Bxf3 13. Qxf3 Bxc3 14. Qxc3
O-O-O 15. Rhe1 Qb4 16. Qd3 f5 17. f4 Qa5 18. a3 Qd5 19. Qd2 Qa2 20. Qc3 Rhg8 21.
Re2 Ne7 22. Qb3 Qxb3 23. cxb3 Nd5 24. Rf2 Rg6 25. Rdd2 Rdg8 26. b4 a6 27. h3 Kb7
28. Bh2 gxf4 29. Bxf4 Nxf4 30. Rxf4 Rxg2 31. Rxg2 Rxg2 32. Rh4 Rg6 33. Kd2 Kc6
34. a4 Kd5 35. b3 d6 36. Kd3 e5 37. dxe5 dxe5 38. Ke2 e4 39. Ke3 Ke5 40. Ke2 f4
41. Rh5+ Kd4 42. Rf5 f3+ 43. Kf2 Rg2+ 44. Kf1 Ke3 45. h4 Rb2 46. Kg1 Rb1+ 47. Kh2
f2 48. Kg2 Rg1+ 49. Kh2 f1=Q 50. Rxf1 Rxf1 51. Kg2 Rf3 52. b5 a5 53. h5 Kf4 54.
Kg1 e3 55. Kg2 e2 56. b4 e1=Q 57. Kh2 Qe2+ 58. Kh1 Rf1# 0-1

[Event "TIPC 2015"]
[Site "Roux"]
[Date "2015.08.03"]
[Round "4.11"]
[White "Lacroix, Bruno"]
[Black "Deneyer, Frank"]
[Result "1-0"]
[BlackElo "1711"]
[WhiteElo "2189"]
[LiveChessVersion "1.4.6"]

1. d4 Nf6 2. Nf3 g6 3. Nc3 c5 4. d5 d6 5. e4 Bg7 6. Bb5+ Nfd7 7. a4 a6 8. Bc4 Qa5
9. Bd2 Qb4 10. Qe2 Qxb2 11. Rb1 Qa3 12. O-O Bxc3 13. Rb3 Qxa4 14. Bxc3 Ne5 15.
Nxe5 dxe5 16. Ra1 Qd7 17. Bxe5 O-O 18. Rg3 Qd8 19. h4 Nd7 20. Bb2 Rb8 21. Qe3 b5
22. Be2 Rb6 23. h5 e5 24. dxe6 fxe6 25. hxg6 hxg6 26. e5 Rf5 27. Bd3 Bb7 28. Qh6
1-0

[Event "TIPC 2015"]
[Site "Roux"]
[Date "2015.08.03"]
[Round "4.12"]
[White "Lugovskoy, Maxim"]
[Black "Ponnet, Guy"]
[Result "1-0"]
[BlackElo "1677"]
[WhiteElo "2431"]
[LiveChessVersion "1.4.6"]

1. e4 d6 2. d4 Nf6 3. Nc3 c6 4. a4 Qa5 5. Bd3 e5 6. dxe5 dxe5 7. Nf3 Bb4 8. O-O
O-O 9. Ne2 Bg4 10. Ng3 Rd8 11. h3 Bxf3 12. Qxf3 Na6 13. Nf5 Bf8 14. Bg5 Rd7 15.
Bxa6 bxa6 16. Bxf6 gxf6 17. Qg4+ Kh8 18. Ra3 Qd2 19. Re3 Rad8 20. h4 Bh6 21. Nxh6
f5 22. exf5 Rd4 23. Nxf7# 1-0

[Event "TIPC 2015"]
[Site "Roux"]
[Date "2015.08.03"]
[Round "4.13"]
[White "Oganian, Miran"]
[Black "Marchal, Patrice"]
[Result "1-0"]
[BlackElo "1795"]
[WhiteElo "2380"]
[LiveChessVersion "1.4.6"]

1. d4 d5 2. c4 e6 3. Nf3 Nf6 4. g3 Bb4+ 5. Bd2 Bxd2+ 6. Nbxd2 c6 7. Bg2 Nbd7 8.
O-O O-O 9. Qc2 Qe7 10. e4 dxe4 11. Nxe4 Nxe4 12. Qxe4 Re8 13. Rad1 Nf6 14. Qc2 a5
15. Ne5 Nd7 16. c5 f6 17. Nc4 e5 18. Rfe1 Kh8 19. Nd6 Rf8 20. dxe5 fxe5 21. Bh3
Nb6 22. Nxc8 Nxc8 23. Rd7 Qf6 24. Rxb7 Ra7 1-0

[Event "TIPC 2015"]
[Site "Roux"]
[Date "2015.08.03"]
[Round "4.14"]
[White "Tomov, Georgi"]
[Black "Nottet, Tristan"]
[Result "1/2-1/2"]
[BlackElo "1778"]
[WhiteElo "2279"]
[LiveChessVersion "1.4.6"]

1. Nf3 Nf6 2. c4 b6 3. g3 c5 4. Bg2 Bb7 5. O-O g6 6. d4 cxd4 7. Qxd4 Bg7 8. Nc3
d6 9. Rd1 Nbd7 10. b3 Rc8 11. Bb2 O-O 12. Rac1 a6 13. Ne1 Bxg2 14. Nxg2 Rc7 15.
Ne3 Nc5 16. Ncd5 Rb7 17. Nxf6+ Bxf6 18. Qd2 Bxb2 19. Qxb2 b5 20. cxb5 Rxb5 21.
Rc4 Qd7 22. Qc3 Qb7 23. f3 Rb8 24. Kg2 Rb4 25. Rdd4 Rb5 26. h4 Ne6 27. Rd1 Rc5
28. Rxc5 Nxc5 29. h5 Qb4 30. Qxb4 Rxb4 31. Nd5 Rb7 32. b4 Ne6 33. h6 f6 34. f4
Kf7 35. Rc1 Rb5 36. e4 f5 37. a4 Rb7 38. Kf3 a5 39. bxa5 fxe4+ 40. Kxe4 Nc5+ 41.
Kf3 Ra7 42. Rb1 Rxa5 43. Rb8 Ne6 44. Nb6 g5 45. fxg5 Nxg5+ 46. Kg4 Kg6 47. Rg8+
Kxh6 48. Ra8 Rxa8 49. Nxa8 Ne6 50. a5 Nc5 51. Nc7 Kg6 52. a6 Nxa6 53. Nxa6 h5+
54. Kf3 Kg5 55. Nc7 e5 56. Ne6+ Kf5 57. Ng7+ Kg6 58. Ne8 d5 59. Nc7 d4 60. Ke4
Kg5 61. Ne6+ Kg4 62. Ng7 Kxg3 63. Nxh5+ Kf2 64. Nf6 Ke2 65. Kxe5 d3 66. Ne4 d2
67. Nxd2 1/2-1/2

[Event "TIPC 2015"]
[Site "Roux"]
[Date "2015.08.03"]
[Round "4.15"]
[White "Gheury, Jean-Marie"]
[Black "Van Mechelen, Jan"]
[Result "0-1"]
[BlackElo "2243"]
[WhiteElo "1817"]
[LiveChessVersion "1.4.6"]

1. d4 Nf6 2. Nc3 d5 3. Bg5 e6 4. e4 Bb4 5. e5 h6 6. exf6 hxg5 7. fxg7 Rg8 8. h4
gxh4 9. Qh5 Qf6 10. Nf3 Qxg7 11. Rxh4 Nd7 12. O-O-O Nf6 13. Qe5 Bd6 14. Qe3 Ng4
15. Qe1 c6 16. Bd3 Bd7 17. Qd2 O-O-O 18. Rdh1 f6 19. Rh7 Qf8 20. Nd1 e5 21. Rxd7
Kxd7 22. Bf5+ Kc7 23. Rh7+ Kb8 24. Rh4 e4 25. Ne1 Nh2 26. g3 Rh8 27. Rxh8 Qxh8
28. Ng2 Nf3 29. Qe3 Qh5 30. g4 Qh2 0-1

[Event "TIPC 2015"]
[Site "Roux"]
[Date "2015.08.03"]
[Round "4.16"]
[White "Wiley, Tom"]
[Black "Van Puyvelde, Stijn"]
[Result "1-0"]
[BlackElo "1742"]
[WhiteElo "2234"]
[LiveChessVersion "1.4.6"]

1. d4 d5 2. Bf4 Nf6 3. e3 g6 4. c4 c6 5. Nc3 Bg7 6. h3 O-O 7. Nf3 e6 8. Rc1 Nbd7
9. Bd3 Re8 10. O-O Nf8 11. b4 dxc4 12. Bxc4 Nd5 13. Bxd5 exd5 14. b5 Ne6 15. Bg3
Bd7 16. bxc6 Bxc6 17. Qb3 Ng5 18. Nxg5 Qxg5 19. Bf4 Qf5 20. Rfd1 Qd7 21. Rb1 Re6
22. Nb5 g5 23. Bg3 Rf8 24. Re1 Bxb5 25. Qxb5 Qxb5 26. Rxb5 Bxd4 27. Rd1 Be5 28.
Bxe5 Rxe5 29. Rxb7 a6 30. Rd7 Rb8 31. R7xd5 Rxd5 32. Rxd5 Rb1+ 33. Kh2 h6 34. Kg3
Kg7 35. a4 Rb4 36. a5 Ra4 37. f4 gxf4+ 38. exf4 f6 39. Kg4 Ra2 40. g3 Ra3 41. h4
Kg6 42. f5+ Kf7 43. Rd7+ Kg8 44. Rd6 Rxa5 45. Rxf6 Kg7 46. Rg6+ Kh7 47. Rb6 h5+
48. Kg5 Ra3 49. Rb7+ Kg8 50. g4 hxg4 51. Kg6 Kf8 52. Rb8+ Ke7 53. f6+ Ke6 54. f7
Rf3 55. f8=Q Rxf8 56. Rxf8 g3 57. Rf3 g2 58. Rg3 g1=Q 59. Rxg1 1-0

[Event "TIPC 2015"]
[Site "Roux"]
[Date "2015.08.03"]
[Round "4.17"]
[White "Hardy, Cédric"]
[Black "Hoffmeister, Frank"]
[Result "0-1"]
[BlackElo "2215"]
[WhiteElo "1803"]
[LiveChessVersion "1.4.6"]

1. e4 e6 2. Nf3 d5 3. c3 c5 4. exd5 Qxd5 5. d4 Nc6 6. Be3 cxd4 7. Nxd4 Nf6 8. Nd2
Be7 9. Qf3 Bd7 10. Bc4 Qxf3 11. N2xf3 Ng4 12. Bf4 Nxd4 13. cxd4 Rc8 14. Bb3 Bb5
15. Bd2 O-O 16. Ne5 Nf6 17. f3 Rfd8 18. Bc3 Nd5 19. Bxd5 Rxd5 20. Kf2 Bd8 21.
Rhe1 Bb6 22. Rad1 Rcd8 23. Kg3 f6 24. Ng4 Kf7 25. Ne3 R5d7 26. Rd2 Bxd4 27. Bxd4
Rxd4 28. Rxd4 Rxd4 29. Rd1 Rxd1 30. Nxd1 e5 31. Nc3 Bc6 32. Kf2 Ke6 33. Ke3 a5
34. a3 f5 35. g3 g5 36. b4 axb4 37. axb4 f4+ 38. Kf2 h5 39. h3 Kd6 40. g4 h4 41.
Ke2 b6 42. Kf2 e4 43. fxe4 Ke5 44. Kf3 b5 45. Ke2 Kd4 46. Kd2 f3 47. Nd1 Kxe4 48.
Nf2+ Kd4 49. Nd3 Bd5 50. Nb2 Bc4 51. Nd1 Bf1 52. Nf2 Bg2 53. Ke1 Ke3 54. Nd1+ Kf4
55. Nf2 Kg3 56. Ne4+ Kxh3 57. Nxg5+ Kxg4 0-1

[Event "TIPC 2015"]
[Site "Roux"]
[Date "2015.08.03"]
[Round "4.18"]
[White "Sclacmender, Julien"]
[Black "Pieroni, Severino"]
[Result "1-0"]
[BlackElo "1701"]
[WhiteElo "2209"]
[LiveChessVersion "1.4.6"]

1. e4 c5 2. Nf3 Nc6 3. Bb5 e6 4. O-O Nf6 5. e5 Nd5 6. c4 Nb6 7. Nc3 Be7 8. d3 O-O
9. Bxc6 bxc6 10. Ne4 f6 11. exf6 gxf6 12. Bh6 Rf7 13. Qe2 d5 14. Ng3 e5 15. Rfe1
Bd7 16. Nh4 Nc8 17. Nhf5 Bf8 18. Qh5 Bxf5 19. Nxf5 Nd6 20. Bxf8 Kxf8 21. Nh6 Rg7
22. f4 Qe8 23. Qh3 e4 24. dxe4 Nxe4 25. Nf5 Rd7 26. Rad1 Rb8 27. cxd5 cxd5 28.
Qh6+ Kg8 29. Rxd5 Rxb2 30. Rd3 Rxa2 31. Rg3+ Kh8 32. Rg7 Rxg2+ 33. Kxg2 Rd2+ 34.
Kg1 1-0